Album of The Year's Top 25 Albums of 2021 - Statistics

General Stats
  • This quiz has been taken 17 times
    10 since last reset
  • The average score is 7 of 25
Answer Stats
Hint Answer % Correct
JPEGMAFIA LP!
78%
JPEGMAFIA LP! (Offline Version)
78%
Tyler, The Creator CALL ME IF YOU GET LOST
67%
Little Simz Sometimes I Might Be Introvert
67%
Injury Reserve By the Time I Get to Phoenix
44%
Westside Gunn Hitler Wears Hermes 8: Side B
44%
Porter Robinson Nurture
44%
Silk Sonic An Evening with Silk Sonic
33%
Jane Remover Frailty
33%
Lingua Ignota SINNER GET READY
33%
SPELLLING The Turning Wheel
33%
Ghais Guevara BlackBolshevik
22%
black midi Cavalcade
22%
Black Country, New Road For the first time
22%
Arca KicK iii
22%
Magdalena Bay Mercurial World
22%
Floating Points, Pharoah Sanders& The London Symphony Orchestra Promises
22%
Genesis Owusu Smiling With No Teeth
11%
Parannoul To See the Next Part of the Dream
11%
Lil Ugly Mane VOLCANIC BIRD ENEMY ANDTHE VOICE CONCERN
11%
Sewerslvt we had good times together, don't forget that
11%
Knocked Loose A Tear in the Fabric of Life
0%
leroy Dariacore 2: Enter Here, Hell to the Left
0%
Turnstile GLOW ON
0%
Japanese Breakfast Jubilee
0%
No matching quizzes found
Score Distribution
Percent of People with Each Score
Percentile by Number Answered
Your Score History
You have not taken this quiz since the last reset